Rozpoznaj kraj po jego banknocie #2 - Statystyki

Ogólne statystyki
  • Ten quiz został rozwiązany 41 razy
  • Średni wynik to 10 z 16
Statystyki odpowiedzi
Obrazkowy Odpowiedź % Poprawnych
Chiny
91%
Korea Północna
91%
Republika Południowej Afryki
79%
Kuba
76%
Mongolia
76%
Iran
70%
Wietnam
67%
Węgry
61%
Izrael
58%
Filipiny
48%
Gruzja
48%
Kazachstan
48%
Mołdawia
42%
Chile
39%
Papua-Nowa Gwinea
36%
Afganistan
21%
Nie znaleziono quizów pasujących do podanych kryteriów
Rozkład punktacji
Procent ludzi z każdym wynikiem
Percentyl według liczby udzielonych odpowiedzi
Twoja historia wyników
Nie rozwiązałeś tego quizu